<?xml version="1.0" encoding="UTF-8"?><?xml-stylesheet type="text/xsl" href="static/style.xsl"?><OAI-PMH xmlns="http://www.openarchives.org/OAI/2.0/" xmlns:xsi="http://www.w3.org/2001/XMLSchema-instance" xsi:schemaLocation="http://www.openarchives.org/OAI/2.0/ http://www.openarchives.org/OAI/2.0/OAI-PMH.xsd"><responseDate>2026-04-18T03:32:46Z</responseDate><request verb="GetRecord" identifier="oai:www.recercat.cat:2117/393444" metadataPrefix="marc">https://recercat.cat/oai/request</request><GetRecord><record><header><identifier>oai:recercat.cat:2117/393444</identifier><datestamp>2025-07-23T04:41:49Z</datestamp><setSpec>com_2072_1033</setSpec><setSpec>col_2072_452951</setSpec></header><metadata><record xmlns="http://www.loc.gov/MARC21/slim" xmlns:dcterms="http://purl.org/dc/terms/" xmlns:xsi="http://www.w3.org/2001/XMLSchema-instance" xmlns:doc="http://www.lyncode.com/xoai" xsi:schemaLocation="http://www.loc.gov/MARC21/slim http://www.loc.gov/standards/marcxml/schema/MARC21slim.xsd">
   <leader>00925njm 22002777a 4500</leader>
   <datafield ind2=" " ind1=" " tag="042">
      <subfield code="a">dc</subfield>
   </datafield>
   <datafield ind2=" " ind1=" " tag="720">
      <subfield code="a">Lladó Merino, Eduard</subfield>
      <subfield code="e">author</subfield>
   </datafield>
   <datafield ind2=" " ind1=" " tag="260">
      <subfield code="c">2023-05</subfield>
   </datafield>
   <datafield ind2=" " ind1=" " tag="520">
      <subfield code="a">L'objectiu d'aquesta tesi és estudiar les representacions de GL2(Fp). Subdividim la nostra presentació en tres capítols. El primer dóna una visió general bàsica de la teoria de representació i les eines necessàries per construir els tipus de representacions més senzills. Les més difícils les creem a partir del que es coneix com la representació de Weil. Això implica alguns conceptes de cohomologia de grups, que s'expliquen al Capítol 2 i ocupen la major part de l'exposició. Finalment, en l'últim capítol, acabem la construcció de les representacions.</subfield>
   </datafield>
   <datafield ind2=" " ind1=" " tag="520">
      <subfield code="a">El objetivo de esta tesis es estudiar las representaciones de GL2(Fp). Dividimos nuestra presentación en tres capítulos. El primero proporciona una visión general básica de la teoría de representación y las herramientas necesarias para construir los tipos más simples de representaciones. Las más difíciles las creamos a partir de lo que se conoce como la representación de Weil. Esto implica algunos conceptos de cohomología de grupos, que se explican en el Capítulo 2 y ocupan la mayor parte de la exposición. Finalmente, en el último capítulo completamos la construcción de las representaciones.</subfield>
   </datafield>
   <datafield ind2=" " ind1=" " tag="520">
      <subfield code="a">The aim of this thesis is to study the representations of GL2(Fp). We subdivide our presentation into three chapters. The first gives a basic overview of representation theory and the necessary tools to construct the easier types of representations. We make the harder ones out of what is known as the Weil representation. This involves some group cohomology concepts, which are explained in Chapter 2 and take the largest portion of the exposition. Finally, in the last chapter we complete the construction of the representations.</subfield>
   </datafield>
   <datafield ind2=" " ind1=" " tag="520">
      <subfield code="a">Outgoing</subfield>
   </datafield>
   <datafield tag="653" ind2=" " ind1=" ">
      <subfield code="a">Àrees temàtiques de la UPC::Matemàtiques i estadística</subfield>
   </datafield>
   <datafield tag="653" ind2=" " ind1=" ">
      <subfield code="a">Group theory</subfield>
   </datafield>
   <datafield tag="653" ind2=" " ind1=" ">
      <subfield code="a">Representation theory</subfield>
   </datafield>
   <datafield tag="653" ind2=" " ind1=" ">
      <subfield code="a">character theory</subfield>
   </datafield>
   <datafield tag="653" ind2=" " ind1=" ">
      <subfield code="a">general linear group</subfield>
   </datafield>
   <datafield tag="653" ind2=" " ind1=" ">
      <subfield code="a">finite fields</subfield>
   </datafield>
   <datafield tag="653" ind2=" " ind1=" ">
      <subfield code="a">group cohomology</subfield>
   </datafield>
   <datafield tag="653" ind2=" " ind1=" ">
      <subfield code="a">cochains</subfield>
   </datafield>
   <datafield tag="653" ind2=" " ind1=" ">
      <subfield code="a">Heisenberg group</subfield>
   </datafield>
   <datafield tag="653" ind2=" " ind1=" ">
      <subfield code="a">Weil representation</subfield>
   </datafield>
   <datafield tag="653" ind2=" " ind1=" ">
      <subfield code="a">Grups finits</subfield>
   </datafield>
   <datafield tag="653" ind2=" " ind1=" ">
      <subfield code="a">Grups, Teoria de</subfield>
   </datafield>
   <datafield tag="653" ind2=" " ind1=" ">
      <subfield code="a">Classificació AMS::20 Group theory and generalizations::20C Representation theory of groups</subfield>
   </datafield>
   <datafield ind2="0" ind1="0" tag="245">
      <subfield code="a">Representation theory of GL2 (Fp)</subfield>
   </datafield>
</record></metadata></record></GetRecord></OAI-PMH>